Statistics for Countries of North and South America (with a map)

Click here to take the quiz!

General Stats

  • This quiz has been taken 32,844 times
  • The average score is 29 of 35

Answers on the Map

Answers color-coded by a green-red scale on the quiz's map according to % correct below.
 

Answer Stats

Country% Correct
Canada
99%
United States
99%
Mexico
98%
Brazil
97%
Argentina
95%
Chile
95%
Colombia
92%
Cuba
92%
Peru
92%
Uruguay
91%
Panama
89%
Paraguay
89%
Venezuela
89%
Bolivia
88%
Ecuador
85%
Haiti
84%
Costa Rica
83%
Dominica
83%
Jamaica
83%
Honduras
82%
El Salvador
81%
Guatemala
80%
Bahamas
79%
Dominican
Republic
79%
Belize
78%
Guyana
78%
Nicaragua
78%
Suriname
77%
Barbados
65%
Trinidad
and Tobago
63%
Saint Lucia
62%
Antigua and
Barbuda
60%
Saint Kitts
and Nevis
59%
Saint Vincent and
the Grenadines
56%
Grenada
54%

Score Distribution

Percentile by Number Answered

Percent of People with Each Score

Your Score History

You have not taken this quiz